00837cam a2200193 a 4500020002100000020002400021020002400045040000800069082002600077245023200103260008200335300005100417650002100468650003200489650001500521700002200536700002300558710006200581 a9291151041 [set] a9291151181 (vol. 1) a9291151211 (vol. 2) cDLC a628 ICI 2000 C142 Or.10aWaters of life :bperspectives of water harvesting in the Hindu Kush-Himalayas : proceedings of the Regional Workshop on Local Water Harvesting for Mountain Households in the Hindu-Kush Himalayas, Kathmandu, March 14-16, 1999 / aKathmandu :bInternational Centre for Integrated Mountain Development,c2000- av. <1-2 > :bill. (some col.), maps ;c26 cm. 0aWater harvesting 0aWater resources development 0aHouseholds1 aBanskota, Mahesh.1 aChalise, Suresh R.2 aInternational Centre for Integrated Mountain Development.